|
003 -Nazwa inst., której nr kontr. jest w polu 001 [,]
|
-
- @
- Nazwa instytucji, której n kontrolny jest w polu 001
- NUKAT
|
|
005 -DATA I CZAS OSTATNIEJ MODYFIKACJI [,]
|
-
- @
- pole kontrolne
- 20241231103358.0
|
|
020 -Międzynarod. znormalizowany nr książki - ISBN [ , ]
|
-
- a
- Numer ISBN
- 9788360833582
|
|
040 -Instytucja sporządzająca opis [ , ]
|
-
- a
- Instytucja, która sporządziła opis (NP)
- Ł U/ek
-
- c
- Instytucja, która sporządziła rekord (NP)
- Ł U/ek
-
- d
- Instytucja, która zmodyfikowała rekord (P)
- Ł U/GS
-
- d
- Instytucja, która zmodyfikowała rekord (P)
- Ł U/ips
-
- d
- Instytucja, która zmodyfikowała rekord (P)
- SZCZ U/JS
-
- d
- Instytucja, która zmodyfikowała rekord (P)
- KAT U/AS
|
|
041 -Język dokumentu [0, ]
|
-
- a
- Język tekstu (P)
- polski
-
- b
- Język streszczeń lub abstraktu (P)
- angielski
|
|
942 -Rodzaj dokumentu [ , ]
|
-
- c
- Rodzaj dokumentu
- Książka
|
|
245 -Strefa tytułu i oznaczenia odpowiedzialności [0,0]
|
-
- a
- Tytuł
- Elektronizacja sądowego postępowania egzekucyjnego w Polsce =
-
- b
- Ciąg dalszy tytułu (NP)
- Electronization of judicial enforcement proceedings in Poland /
-
- c
- Pozostałe elementy strefy tytułu i oznaczenia odpowiedzialności (NP)
- redakcja naukowa Andrzej Marciniak ; autorzy: Marcin Borek, Kinga Flaga-Gieruszyńska, Jacek Gołaczyński, Wiesław Grajdura, Andrzej Grzegorz Harla, Józef Jagieła, Agnieszka Kanarek, Robert Kulski, Aleksandra Klich, Ireneusz Kunicki, Andrzej Marciniak, Joanna Studzińska, Dariusz Szostek, Sandor Udvary, Marcin Uliasz, Zbigniew Woźniak.
|
|
246 -Wariant tytułu [1, ]
|
-
- i
- Tekst wyświetlany na ekranie monitora (NP)
- Strona tytułowa:
-
- a
- Tytuł (NP)
- Electronization of judicial enforcement proceedings in Poland
|
|
260 -Strefa adresu wydawniczego [ , ]
|
-
- a
- Miejsce wydania (P)
- Sopot :
-
- b
- Nazwa wydawcy (P)
- Currenda,
-
|
|
700 -Hasło dodatkowe - nazwa osobowa [1, ]
|
-
- a
- Nazwa osobowa (NP)
- Marciniak, Andrzej
-
- c
- Dopowiedzenie inne niż daty biograficzne (NP)
- (prawnik).
-
|
|
700 -Hasło dodatkowe - nazwa osobowa [1, ]
|
-
- a
- Nazwa osobowa (NP)
- Flaga-Gieruszyńska, Kinga
-
- d
- Daty biograficzne (NP)
- (1973- ).
-
|
|
700 -Hasło dodatkowe - nazwa osobowa [1, ]
|
-
- a
- Nazwa osobowa (NP)
- Gołaczyński, Jacek
-
- d
- Daty biograficzne (NP)
- (1966- ).
-
|
|
700 -Hasło dodatkowe - nazwa osobowa [1, ]
|
-
- a
- Nazwa osobowa (NP)
- Harla, Andrzej Grzegorz.
-
|
|
700 -Hasło dodatkowe - nazwa osobowa [1, ]
|
-
- a
- Nazwa osobowa (NP)
- Jagieła, Józef.
-
|
|
700 -Hasło dodatkowe - nazwa osobowa [1, ]
|
-
- a
- Nazwa osobowa (NP)
- Kulski, Robert.
-
|
|
700 -Hasło dodatkowe - nazwa osobowa [1, ]
|
-
- a
- Nazwa osobowa (NP)
- Klich, Aleksandra
-
- c
- Dopowiedzenie inne niż daty biograficzne (NP)
- (prawo).
-
|
|
700 -Hasło dodatkowe - nazwa osobowa [1, ]
|
-
- a
- Nazwa osobowa (NP)
- Kunicki, Ireneusz.
-
|
|
700 -Hasło dodatkowe - nazwa osobowa [1, ]
|
-
- a
- Nazwa osobowa (NP)
- Studzińska, Joanna
-
- c
- Dopowiedzenie inne niż daty biograficzne (NP)
- (prawo).
-
|
|
700 -Hasło dodatkowe - nazwa osobowa [1, ]
|
-
- a
- Nazwa osobowa (NP)
- Szostek, Dariusz.
-
|
|
700 -Hasło dodatkowe - nazwa osobowa [1, ]
|
-
- a
- Nazwa osobowa (NP)
- Uliasz, Marcin.
-
|
|
700 -Hasło dodatkowe - nazwa osobowa [1, ]
|
-
- a
- Nazwa osobowa (NP)
- Woźniak, Zbigniew
-
- c
- Dopowiedzenie inne niż daty biograficzne (NP)
- (prawnik).
-
|
|
700 -Hasło dodatkowe - nazwa osobowa [1, ]
|
-
- a
- Nazwa osobowa (NP)
- Borek, Marcin
-
- c
- Dopowiedzenie inne niż daty biograficzne (NP)
- (prawo).
-
|
|
700 -Hasło dodatkowe - nazwa osobowa [1, ]
|
-
- a
- Nazwa osobowa (NP)
- Grajdura, Wiesław.
-
|
|
700 -Hasło dodatkowe - nazwa osobowa [1, ]
|
-
- a
- Nazwa osobowa (NP)
- Kanarek, Agnieszka.
-
|
|
700 -Hasło dodatkowe - nazwa osobowa [1, ]
|
-
- a
- Nazwa osobowa (NP)
- Udvary, Sándor
-
- d
- Daty biograficzne (NP)
- (1975- ).
-
|
|
710 -Hasło dodatkowe - nazwa ciała zbiorowego [2, ]
|
-
- a
- Nazwa ciała zbiorowego lub nazwa geograficzna jako pierwszy element (NP)
- Currenda.
-
-
|